उभे आडवे धागे (Record no. 193027)

MARC details
000 -LEADER
fixed length control field 00405nam a2200145Ia 4500
008 - FIXED-LENGTH DATA ELEMENTS--GENERAL INFORMATION
fixed length control field 090124s9999 xx 000 0 und d
082 ## - DEWEY DECIMAL CLASSIFICATION NUMBER
Item number 303390
245 ## - TITLE STATEMENT
Title उभे आडवे धागे
250 ## - EDITION STATEMENT
Edition statement 1
260 ## - PUBLICATION, DISTRIBUTION, ETC. (IMPRINT)
Name of publisher, distributor, etc धारप नारायण
Date of publication, distribution, etc 1997
300 ## - PHYSICAL DESCRIPTION
Extent 111
630 ## - SUBJECT ADDED ENTRY--UNIFORM TITLE
Uniform title उभे आडवे धागे
730 ## - ADDED ENTRY--UNIFORM TITLE
Uniform title उभे आडवे धागे
942 ## - ADDED ENTRY ELEMENTS (KOHA)
Koha item type Book
Holdings
Withdrawn status Lost status Damaged status Not for loan Home library Current library Date acquired Cost, normal purchase price Total Checkouts Full call number Barcode Date last seen Cost, replacement price Price effective from Koha item type
        Marathi Granth Sangrahalaya,Thane Marathi Granth Sangrahalaya,Thane   75.00   303390 THNMGS-303390 01/24/2009 75.00 01/24/2009 Book